|
|
|
|
| LEADER |
00000nkm a2200000 a 4500 |
| 001 |
vtls010664796 |
| 003 |
SK-MaSNL |
| 005 |
20260512122120.0 |
| 007 |
kp bo |
| 008 |
231214s1965 xo g kzslo |
| 035 |
|
|
|a A09A4880-4BC7-4BA7-B88A-E00B0E0F0C9F
|
| 035 |
|
|
|a urn:nbn:sk:snk-kmxx5v
|
| 035 |
|
|
|a urn:nbn:sk:snk-km007cfj
|
| 040 |
|
|
|a SNK
|b slo
|c SNK
|e AACR2
|
| 041 |
0 |
|
|a slo
|
| 044 |
|
|
|a xo
|c SK
|
| 080 |
|
|
|a (234.372.4)
|2 2001
|
| 080 |
|
|
|a (437.6-191.2)
|2 2001
|
| 080 |
|
|
|a (084.121)
|2 2001
|
| 245 |
0 |
0 |
|a Malá Fatra
|h grafika
|b Vrátna dolina : Tiesňavy
|
| 260 |
|
|
|a [Bratislava]
|b VPL
|c [1965]
|
| 300 |
|
|
|a 1 pohľadnica
|b čiernobiela
|c 11 x 15 cm
|
| 651 |
|
7 |
|a Malá Fatra (Slovensko : pohorie)
|2 SNKPH
|9 56372
|
| 655 |
|
7 |
|a geografické pohľadnice
|2 SNKPH
|9 70522
|
| 655 |
|
7 |
|a miestne pohľadnice
|2 SNKPH
|9 70510
|
| 852 |
|
|
|a Slovenská národná knižnica
|
| 958 |
|
|
|a GC
|
| 958 |
|
|
|a GBN
|
| 958 |
|
|
|a OND
|
| 999 |
|
|
|c 585361
|d 587291
|
| 952 |
|
|
|a SNK
|b SNK
|y PREZ
|7 0
|p 17A1122824
|o snkSP 153190
|i snk2015/11308
|8 3
|g 0.50
|0 0
|1 0
|4 0
|d 2015-04-01
|f 1
|l 0
|r 2026-02-23 15:06:20
|w 2026-02-23
|